Executive strategy : strategic management and information technology /

Bibliographic Details
Main Author: Betz, Frederick
Format: Book
Language:English
Published: New York : J. Wiley, [2001]
Subjects:

MARC

Tag First Indicator Second Indicator Subfields
LEADER 00000pam a22000004a 4500
001 in00001630621
005 20151023083740.0
008 010227s2001 nyua b 001 0 eng
010 |a  2001017912 
015 |a GBA1-Y1210 
020 |a 047138402X (cloth : alk. paper) 
029 1 |a UKM  |b bA1Y1210 
035 |a (OCoLC)ocm46366225 
040 |a DLC  |c DLC  |d UKM  |d C#P  |d TXA  |d UtOrBLW 
042 |a pcc 
049 |a TXAS 
050 0 0 |a HD30.28  |b .B473 2001 
082 0 0 |a 658.4/012  |2 21 
100 1 |a Betz, Frederick. 
245 1 0 |a Executive strategy :  |b strategic management and information technology /  |c Frederick Betz. 
246 3 0 |a Strategic management and information technology 
264 1 |a New York :  |b J. Wiley,  |c [2001] 
264 4 |c ©2001 
300 |a ix, 534 pages :  |b illustrations ;  |c 24 cm. 
336 |a text  |b txt  |2 rdacontent 
337 |a unmediated  |b n  |2 rdamedia 
338 |a volume  |b nc  |2 rdacarrier 
504 |a Includes bibliographical references (pages 515-524) and index. 
650 0 |a Strategic planning. 
650 0 |a Industrial management  |x Data processing. 
650 0 |a Knowledge management. 
650 0 |a Management information systems. 
945 |i PromptCat 
948 |a cataloged  |b h  |c 2001/10/17  |d c  |e mphillip  |f 12:12:48 pm 
994 |a 92  |b TXA 
999 |a MARS 
999 f f |s 9d77a862-432e-33a1-b13a-86a7e48c5ad3  |i c324265a-5f3c-3c5e-acad-a86cbe1e6ea7  |t 0 
952 f f |p ric  |a Texas A&M University  |b Rellis Campus  |c Joint Library Facility  |d Remote Storage  |t 0  |e HD30.28 .B473 2001  |h Library of Congress classification  |i unmediated -- volume  |m A14828269390 
998 f f |a HD30.28 .B473 2001  |t 0  |l Remote Storage